Dieciocho lecciones sobre la sociedad industrial
שמור ב:
| מחבר ראשי: | |
|---|---|
| פורמט: | ספר |
| שפה: | ספרדית |
| יצא לאור: |
Barcelona
Seix Barral
1965
|
| סדרה: | Biblioteca Breve, 220
|
| נושאים: | |
| תגים: |
הוספת תג
אין תגיות, היה/י הראשונ/ה לתייג את הרשומה!
|
MARC
| LEADER | 00000nam a2200000 a 4500 | ||
|---|---|---|---|
| 001 | UCS6238 | ||
| 003 | CL-VaPUC | ||
| 008 | 970917e19650000SP |||||||||||||||||spa|d | ||
| 082 | 0 | 4 | |a 338 |b ARO |2 21 |
| 100 | 0 | |a Aron, Raymond |e author |9 391820 | |
| 245 | 1 | 0 | |a Dieciocho lecciones sobre la sociedad industrial |
| 300 | |a 305 p | ||
| 942 | |c BK | ||
| 945 | |d 19970917 00:00:00 |a rleighto | ||
| 260 | |a Barcelona |b Seix Barral |c 1965 | ||
| 650 | 0 | |a Sociedad industrial |9 345265 | |
| 650 | 0 | |a Sociología |9 255410 | |
| 650 | 0 | |a Capitalismo |9 255255 | |
| 650 | 0 | |a Socialización |9 309940 | |
| 650 | 0 | |a Economía |9 255568 | |
| 650 | 0 | |a Regímenes políticos |9 255513 | |
| 583 | |a last modification |c 19970917 00:00:00 |k Rodrigo Vera | ||
| 490 | 0 | |a Biblioteca Breve, 220 | |
| 999 | |c 262185 |d 262183 | ||
| 952 | |0 0 |1 0 |4 0 |6 338_000000000000000_ARO_1965 |7 0 |8 A |9 290414 |a BIBHIS |b BIBHIS |d 2019-11-19 |i 3350576 |o 338 ARO 1965 |p 3350576 |r 2025-01-20 |w 2019-11-19 |y BK |k HIS | ||